[Event "COL Subzt 2.3.4"]
[Site "Risarald"]
[Date "2021.11.28"]
[Round "9"]
[White "Galeano Tinjaca, Manuel Camilo"]
[Black "Cifuentes Camacho, Miguel Angel"]
[Result "1-0"]
[WhiteElo "1688"]
[BlackElo "1274"]
[PlyCount "81"]
[EventDate "2021.11.23"]
[EventType "swiss"]
[EventRounds "9"]
[EventCountry "COL"]
[SourceTitle "CBM 205 Extra"]
[Source "ChessBase"]
[SourceDate "2022.01.31"]
[SourceVersion "1"]
[SourceVersionDate "2022.01.31"]
[SourceQuality "1"]

1. e4 e5 2. d4 exd4 3. Qxd4 Nc6 4. Qe3 b6 5. Nc3 Bc5 6. Qg3 Bd4 7. Bd2 Nge7 8. 0-0-0 0-0 9. f4 d6 10. Nf3 Kh8 11. f5 Be5 12. Nxe5 Nxe5 13. f6 gxf6 14. h3 Rg8 15. Qf2 f5 16. g4 fxe4 17. Qf6+ Rg7 18. Bh6 Qf8 19. Bxg7+ Qxg7 20. Qxe7 Be6 21. Qxc7 Rc8 22. Qxd6 Qh6+ 23. Kb1 Nf3 24. Nxe4 Qg6 25. Ba6 Re8 26. Nc3 Kg8 27. Bb5 Rc8 28. Be2 Ng5 29. h4 Ne4 30. Nxe4 Qxe4 31. Bd3 Qg2 32. Rhg1 Qf3 33. Bf5 Qf2 34. Qd2 Qxd2 35. Rxd2 Bxf5 36. gxf5+ Kf8 37. f6 h5 38. Rgd1 Ke8 39. Rd5 a5 40. Rxh5 Rxc2 41. Rh8# 1-0

[Event "COL Subzt 2.3.4"]
[Site "Risarald"]
[Date "2021.11.25"]
[Round "4"]
[White "Galeano Tinjaca, Manuel Camilo"]
[Black "Llano Buritica, Eduardo Alejandro"]
[Result "0-1"]
[WhiteElo "1688"]
[BlackElo "1951"]
[PlyCount "77"]
[EventDate "2021.11.23"]
[EventType "swiss"]
[EventRounds "9"]
[EventCountry "COL"]
[SourceTitle "CBM 205 Extra"]
[Source "ChessBase"]
[SourceDate "2022.01.31"]
[SourceVersion "1"]
[SourceVersionDate "2022.01.31"]
[SourceQuality "1"]

1. e4 c6 2. d4 d5 3. exd5 cxd5 4. Bd3 Nc6 5. c3 Nf6 6. Bf4 Bg4 7. Qb3 Qd7 8. Nd2 Na5 9. Qc2 e6 10. Ngf3 Bxf3 11. Nxf3 Bd6 12. Ne5 Qc7 13. Bg3 Nc6 14. f4 Rc8 15. Qe2 g6 16. 0-0 0-0 17. Rae1 Nh5 18. Bb1 Ng7 19. h3 Ne7 20. Bh2 f6 21. Nd3 b5 22. g4 a5 23. f5 Bxh2+ 24. Qxh2 exf5 25. Qg2 fxg4 26. hxg4 Qd6 27. a3 f5 28. gxf5 Rxf5 29. Rxf5 Ngxf5 30. Nc5 Rf8 31. Re6 Qf4 32. Nd3 Qh6 33. Qh1 Nh4 34. Re2 Nf3+ 35. Kg2 Qg5+ 36. Kh3 Ng1+ 37. Qxg1 Qxg1 38. Rxe7 Rf3+ 39. Kh4 0-1

[Event "Bogota Mayores Alcaldia op 8th"]
[Site "Bogota"]
[Date "2018.06.09"]
[Round "2"]
[White "Galeano Tinjaca, Manuel Camilo"]
[Black "Galeano Tinjaca, Hector Henry"]
[Result "1-0"]
[WhiteElo "1732"]
[BlackElo "1587"]
[PlyCount "35"]
[EventDate "2018.06.08"]
[EventType "swiss"]
[EventRounds "7"]
[EventCountry "COL"]
[SourceTitle "CBM 184 Extra"]
[Source "ChessBase"]
[SourceDate "2018.06.28"]
[SourceVersion "1"]
[SourceVersionDate "2018.06.28"]
[SourceQuality "1"]

1. e4 e5 2. Nf3 Nc6 3. d4 exd4 4. Bc4 h6 5. 0-0 Na5 6. Bxf7+ Kxf7 7. Ne5+ Ke6 8. Ng6 Rh7 9. Qg4+ Kd6 10. Qf5 c5 11. Nxf8 Ne7 12. Qf4+ Kc6 13. Nxh7 d6 14. Qf7 Qh8 15. Qxe7 Qxh7 16. Qe8+ Kb6 17. Qd8+ Kc6 18. Qxa5 1-0

[Event "Tunja Liga Boyaca"]
[Site "Tunja"]
[Date "2017.12.16"]
[Round "4.27"]
[White "Galeano Tinjaca, Manuel Camilo"]
[Black "Reyes Aristizabal, Andres"]
[Result "0-1"]
[WhiteElo "1794"]
[BlackElo "1591"]
[PlyCount "74"]
[EventDate "2017.12.14"]
[EventType "swiss"]
[EventRounds "7"]
[EventCountry "COL"]
[SourceTitle "EXT 2024"]
[Source "ChessBase"]
[SourceDate "2023.10.10"]
[SourceVersion "1"]
[SourceVersionDate "2023.10.10"]
[SourceQuality "1"]

1. e4 c5 2. Nc3 d6 3. f4 Nf6 4. Nf3 Nc6 5. Bb5 Bd7 6. 0-0 Qb6 7. Kh1 Nxe4 8. Nd5 Qd8 9. d3 Nf6 10. Nxf6+ gxf6 11. Bd2 a6 12. Bc4 Qc7 13. c3 e6 14. Qe1 Na5 15. b4 Nxc4 16. dxc4 cxb4 17. cxb4 Qxc4 18. a4 Qd3 19. Bc3 Be7 20. Rd1 Qc4 21. Rd4 Qc7 22. a5 Bc6 23. Qe3 Kd7 24. Nd2 Rag8 25. Rf2 Rg7 26. Kg1 Rhg8 27. g3 h5 28. f5 e5 29. Rh4 d5 30. Qd3 Kc8 31. Bb2 e4 32. Qd4 Rxg3+ 33. Kf1 Bb5+ 34. Ke1 Rd3 35. Qa7 e3 36. Re2 exd2+ 37. Kf2 Rf3+ 0-1